Bridge

Guardat en:
Dades bibliogràfiques
Autor principal: Chunt, Han-Sook (Autor)
Format: Llibre
Idioma:anglès
Publicat: Seúl Dong-Suh-Munhak-Sa 1990
Matèries:
Etiquetes: Afegir etiqueta
Sense etiquetes, Sigues el primer a etiquetar aquest registre!

MARC

LEADER 00000nam a2200000 a 4500
001 UCX3406
003 CL-VaPUC
008 911104e19900000KO |||||||||||||||||eng|d
082 0 4 |a 895.73  |b CHU  |2 21 
100 0 |a Chunt, Han-Sook  |e author  |9 319562 
245 1 0 |a Bridge 
300 |a 214 p 
942 |c BK 
945 |d 19911104 00:00:00 
260 |a Seúl  |b Dong-Suh-Munhak-Sa  |c 1990 
650 7 |a NOVELAS COREANAS  |2 CL-VaPUC  |9 318922 
583 |a last modification  |c 19911104 00:00:00  |k Rodrigo Vera 
999 |c 224175  |d 224173 
952 |0 0  |1 0  |4 0  |6 895_730000000000000_CHU_1990  |7 0  |8 A  |9 220638  |a BIBGIM  |b BIBGIM  |d 2019-11-15  |i 289369K  |l 1  |m 2  |o 895.73 CHU 1990  |p 289369K  |r 2025-01-15  |s 2023-11-20  |w 2019-11-15  |y BK  |k ORI